Air Canada Airports IATA - Statistics

General Stats
  • This quiz has been taken 2 times
  • The average score is 75 of 172
Answer Stats
IATA CODE CITY % Correct
ALB Albany
100%
AMS Amsterdam
100%
ATH Athens
100%
ATL Atlanta
100%
BCN Barcelona
100%
PEK Beijing
100%
BOG Bogota
100%
BOS Boston
100%
BRU Brussels
100%
BUD Budapest
100%
CLE Cleveland
100%
DAY Dayton
100%
DEN Denver
100%
DUB Dublin
100%
DUS Dusseldorf
100%
EDI Edinburgh
100%
FDF Fort de France
100%
FRA Frankfurt
100%
GVA Geneva
100%
GLA Glasgow
100%
HKG Hong Kong
100%
HNL Honolulu
100%
IST Istanbul
100%
LIM Lima
100%
LIS Lisbon
100%
LAX Los Angeles
100%
MAD Madrid
100%
MAN Manchester
100%
MEX Mexico
100%
MIA Miami
100%
MKE Milwaukee
100%
MUC Munich
100%
LGA New York (Laguardia)
100%
CDG Paris Charles de Gaulle
100%
PHL Philadelphia
100%
PHX Phoenix
100%
PIT Pittsburgh
100%
PRG Prague
100%
SAN San Diego
100%
SFO San Francisco
100%
SJU San Juan
100%
SEA Seattle
100%
SYD Sydney
100%
NRT Tokyo Narita
100%
ZRH Zurich
100%
AUS Austin
50%
BWI Baltimore
50%
BDA Bermuda
50%
BGI Bridgetown
50%
EZE Buenos Aires
50%
YYC Calgary
50%
CUN Cancun
50%
CCS Caracas
50%
CCC Cayo Coco
50%
CLT Charlotte
50%
ORD Chicago O'Hare
50%
CVG Cincinnati
50%
CPH Copenhagen
50%
DFW Dallas
50%
DEL Delhi
50%
DTW Detroit
50%
YEG Edmonton
50%
FLL Fort Lauderdale
50%
YHZ Halifax
50%
BDL Hartford
50%
HAV Havana
50%
HOG Holguin
50%
IAH Houston
50%
MCI Kansas City
50%
KIN Kingston
50%
LAS Las Vegas
50%
LHR London Heathrow
50%
MXP Milan
50%
MSP Minneapolis
50%
MBJ Montego Bay
50%
YUL Montreal
50%
BNA Nashville
50%
NAS Nassau
50%
EWR Newark
50%
MSY New Orleans
50%
MCO Orlando
50%
YOW Ottawa
50%
PTP Pointe a Pitre
50%
PDX Portland
50%
POS Port of Spain
50%
PVR Puerto Vallarta
50%
RDU Raleigh Durham
50%
RIC Richmond
50%
GIG Rio
50%
FCO Rome
50%
YSJ Saint John
50%
SJC San Jose
50%
GRU Sao Paulo
50%
ICN Seoul
50%
PVG Shanghai
50%
STL St. Louis
50%
UVF St Lucia
50%
SYR Syracuse
50%
TPE Taipei
50%
TPA Tampa
50%
YYZ Toronto Pearson
50%
YVR Vancouver
50%
IAD Washington Dulles
50%
DCA Washington Reagan
50%
YWG Winnipeg
50%
YXX Abbotsford
0%
ABE Allentown
0%
ANU Anitgua
0%
YBG Bagotville
0%
YBC Baie Commeau
0%
ZBF Bathurst
0%
YBL Campbell River
0%
YCG Castlegar
0%
YYG Charlottetown
0%
CMH Colombus
0%
YQQ Comox
0%
YXC Cranbrook
0%
YDF Deer Lake
0%
YMM Fort McMurray
0%
RSW Fort Myers
0%
YFC Fredericton
0%
YQX Gander
0%
YGP Gaspe
0%
YYR Goose bay
0%
YQU Grande Prairie
0%
GRR Grand Rapids
0%
MDT Harrisburg
0%
YGR Iles de la Madeleine
0%
YEV Inuvik
0%
YFB Iqualuit
0%
ZIH Ixtapa
0%
OGG Kahlului
0%
YKA Kamloops
0%
YLW Kelowna
0%
YGK Kingston
0%
YQL Lethbridge
0%
LIR Liberia
0%
YXU London
0%
YXH Medecine Hat
0%
YQM Moncton
0%
YYY Mont Joli
0%
YCD Nanaimo
0%
JFK New York (John F. Kennedy)
0%
YYB North Bay
0%
YYF Penticton
0%
PAP Port au Prince
0%
YXS Prince George
0%
YPR Prince Rupert
0%
PLS Providenciales
0%
YQB Quebec
0%
YRT Rankin Inlet
0%
YQR Regina
0%
YUY Rouyn Noranda
0%
AZS Samana
0%
SNU Santa Clara
0%
YZR Sarina
0%
YXE Saskatoon
0%
YAM Sault
0%
YZV Sept-Iles
0%
YYT St. John's
0%
YSB Sudbury
0%
YQY Sydney
0%
YQT Thunder Bay
0%
YTS Timmins
0%
YTZ Toronto Center (Billy Bishop)
0%
YVO Val d'Or
0%
YYJ Victoria
0%
YWK Wabush
0%
PBI West Palm Beach
0%
YXY Whitehorse
0%
YQG Windsor
0%
YZF Yellowknife
0%
No matching quizzes found
Score Distribution
Percent of People with Each Score
Percentile by Number Answered
Your Score History
You have not taken this quiz